Statistics for MCU Last Words

Click here to take the quiz!

General Stats

  • This quiz has been taken 83 times
    (35 since last reset)
  • The average score is 19 of 145

Answer Stats

Last WordsCharacterMovie/Show% Correct
Tony, there was no other way...Stephen StrangeAvengers: Infinity War
89%
Sorry, sweetheart, you have to help daddy pay for his mistakes.Darren CrossAnt-Man
72%
Quill?DraxAvengers: Infinity War
61%
Let me go. (…) It's okay.Natasha RomanoffAvengers: Endgame
61%
Listen to me! You are a god! If you kill me, you'll be just like everybody else! (…) No!EgoGuardians of the Galaxy Vol. 2
56%
I am... inevitable.Thanos (2014)Avengers: Endgame
56%
What is this?KaeciliusDoctor Strange
39%
You think you can stop this? The Aether cannot be destroyed.MalekithThor: The Dark World
39%
Nick?Maria HillAvengers: Infinity War
39%
Oh, no. Motherf...Nick FuryAvengers: Infinity War
39%
He'll die alone, as will you.Proxima MidnightAvengers: Infinity War
39%
You'd think after all this time I'd be ready. But look at me, stretching one moment out into a thousand, just so I can watch the snow.The Ancient OneDoctor Strange
39%
It's all right. I love you.VisionAvengers: Infinity War
39%
He is an enemy of Asgard. He was a prisoner in their dungeons.AlgrimThor: The Dark World
33%
I... Am... _ _ _ _ _...GrootAvengers: Infinity War
33%
Scott, we read you.Hank PymAnt-Man and the Wasp
33%
Don't waste it... Don't waste your life...Ho YinsenIron Man
33%
You will never be... a god.Loki LaufeysonAvengers: Infinity War
33%
My king. Wakanda forever.OkoyeWhat If...?
33%
Ah. Thank you, daughter. Perhaps I treated you too harshly.ThanosAvengers: Endgame
33%
So long, darling.Westview VisionWandavision
33%
No. This isn't love. (…) No!GamoraAvengers: Infinity War
28%
Allfathers, let the dark magic... flow through me one last... time...HeimdallAvengers: Infinity War
28%
Whatever game you're playing, it won't work. You can't defeat me. (…) No!Hela OdinsdottirThor: Ragnarok
28%
I'll see you soon.He Who RemainsLoki
28%
Also, make sure you stay out of the Tardigrade fields. They're cute, but they'll eat you. And don't get sucked into a Time Vortex. We won't be able to save you.Janet van DyneAnt-Man and the Wasp
28%
Hey, guys! Enough practice, soup's on!Laura BartonAvengers: Endgame
28%
You'll see, Peter. People... they need to believe. And nowadays... they'll believe anything.Quentin BeckSpider-Man: Far From Home
28%
You said you wanted the _ _ _ _ _ _ _ _? Well, you're looking right at him. It was always me, Tony, right from the start. I AM THE _ _ _ _ _ _ _ _!!!Aldrich KillianIron Man 3
22%
Sire!Ebony Maw (2014)Avengers: Endgame
22%
You lose.Ivan VankoIron Man 2
22%
Something's happening...MantisAvengers: Infinity War
22%
You are too late, Captain Carter. I have summoned the champion of H...Red SkullWhat If...?
22%
You don't... You don't have to do this. I made you for peace.Tony StarkWhat If...?
22%
I am the cause of your father's death. Not him. Take me.ZuriBlack Panther
22%
Admit it, it's better this way. We are, both of us, out of time.Arnim ZolaCaptain America: The Winter Soldier
17%
He wanted you to know something. He said to me, "Please tell Rogers, when you gotta go, you gotta go." And you're coming with me.Brock RumlowCaptain America: Civil War
17%
Your powers are inconsequential compared to mine.Ebony MawAvengers: Infinity War
17%
You are about to die at the hands of the children of...Ebony MawWhat If...?
17%
Just bury me in the ocean.... with my ancestors that jumped from the ships, 'cause they knew death.... was better than bondage....Erik StevensBlack Panther
17%
No, you cannot.Evanora HarknessWandavision
17%
Preparing for re-entry in five... four... three...Hope van DyneAnt-Man and the Wasp
17%
Baba Yaga!KurtWhat If...?
17%
Help...Maria StarkCaptain America: Civil War
17%
Hold still you little prick!Obadiah StaneIron Man
17%
You didn't see that coming.Pietro MaximoffAvengers: Age of Ultron
17%
You're a mortal! How?!RonanGuardians of the Galaxy
17%
I only ask one thing, that your High Priestess tell him the name of the man what sealed his fate: _ _ _ _ _ _ _ _ _!TaserfaceGuardians of the Galaxy Vol. 2
17%
You're unbearably naïve.UltronAvengers: Age of Ultron
17%
I must atone for what I have done. But I cannot bring myself to leave her.VisionWhat If...?
17%
I have to save her. She's calling to me.Xu WenwuShang-Chi and the Legend of the Ten Rings
17%
I'm sorry I didn't do none of it right. I'm damn lucky you was my boy.Yondu UdontaGuardians of the Galaxy Vol. 2
17%
Hail... HYRDA...Alexander PierceCaptain America: The Winter Soldier
11%
Steve?Bucky BarnesAvengers: Infinity War
11%
This doesn't make any sense. I don't slip. I don't misfire.Clint BartonWhat If...?
11%
I thought you were formidable, machine. But you're dying, like any man.Corvus GlaiveAvengers: Infinity War
11%
Is that all you got? A cheap trick and a cheesy one-liner?Ellen BrandtIron Man 3
11%
We... Are... _ _ _ _ _.GrootGuardians of the Galaxy
11%
Blam, blam, blam, blam, blam! Blam! Blam! Blam!Harold HoganWhat If...?
11%
Cut off one head, two more shall take its place. Hail... HYDRA...Heinz KruegerCaptain America: The First Avenger
11%
Go back to whatever cave you crept out of, you evil demoness!HogunThor: Ragnarok
11%
Sergeant Barnes?Howard StarkCaptain America: Civil War
11%
What? Are you crazy? That is a terrible, terrible idea.Jasper SitwellCaptain America: The Winter Soldier
11%
You will never make it to Ronan.KorathGuardians of the Galaxy
11%
It's said you can still hear and see what transpires around you. I hope it's true, so that you may know... your death came... at the hand... of _ _ _ _ _.LaufeyThor
11%
What happens to you? What happens if you go too hot?Maya HansenIron Man 3
11%
Remember this place. Home.Odin BorsonThor: Ragnarok
11%
I'm sorry.Peter Parker / Karli MorgenthauAvengers: Infinity War / The Falcon and the Winter Soldier
11%
Aw man...Peter QuillAvengers: Infinity War
11%
Guys, we got a Vision situation here!Sam WilsonAvengers: Infinity War
11%
I am Asgard's doom!SurturThor: Ragnarok
11%
We will fight to improve the world we wish to join. I am grateful to the Avengers for supporting this initiative. Wakanda is proud to extend its hand in peace.T'ChakaCaptain America: Civil War
11%
Up, general! Up! This is no place to die.T'ChallaAvengers: Infinity War
11%
Hey, Pep...Tony StarkAvengers: Endgame
11%
Who are you? What have you done with Thor?VolstaggThor: Ragnarok
11%
Stop him!Abraham ErskineCaptain America: The First Avenger
6%
I am sorry. All I can give you... is my knowledge...Anton VankoIron Man 2
6%
Agent Romanoff, I think you might be better off getting out of here.Bruce BannerWhat If...?
6%
Run!Bucky BarnesWhat If...?
6%
You can't win.Carol DanversWhat If...?
6%
Stephen. What did you do?Christine PalmerWhat If...?
6%
But sire, our troops!Corvus Glaive (2014)Avengers: Endgame
6%
Move! What are you waiting for?DreykovBlack Widow
6%
Peter. Smile. Smile for me, okay?Hope Van DyneWhat If...?
6%
Kid, you've gotta be part of the system to change the system.James RhodesWhat If...?
6%
Take my hand.Meredith QuillGuardians of the Galaxy
6%
Fury, it's Hope! It's all about Hope!Natasha RomanoffWhat If...?
6%
It's okay, boss. This was never gonna work... if they didn't have something... to...Phil CoulsonThe Avengers
6%
lf we are still in business, I will give you these designs as a gift. And in turn, I hope you'll repay me with a gift of iron soldiers.Raza Hamidmi Al-WazarIron Man
6%
Holy... What the... Hank! No!Scott LangWhat If...?
6%
Sorry, Happy. Blam.Sharon CarterWhat If...?
6%
On my mark. Ow!Steve RogersWhat If...?
6%
Two gear-head orphans trying to do right by our fathers? We sound the same to me.Tony StarkWhat If...?
6%
Come on. We better get going. Not looking to meet the business end of one of their spears, if you know what I mean. Savages.Ulysses KlaueWhat If...?
6%
Ah, and to think I saw you as some crazy American.Ulysses KlaueBlack Panther
6%
Wakanda forever.AnekaBlack Panther
0%
475,000.Armand Duquesne IIIHawkeye
0%
I will no longer be your slave!CarinaGuardians of the Galaxy
0%
Stephen!Christine PalmerWhat if...?
0%
Oh, pizza. You're a genius.Christine PalmerWhat If...?
0%
Hey, are you okay? Do you wanna talk? Maybe put on some music?Christine PalmerWhat If...?
0%
Well, this is shaping up to be a night to remember.Christine PalmerWhat If...?
0%
Glorious Purpose!Classic LokiLoki
0%
I told you. I don't want to fight anymore.Clint BartonWhat If...?
0%
SCHMIDT!!!Colonel General RoederCaptain America: The First Avenger
0%
Not if it was your switch.Councilman SinghCaptain America: The Winter Soldier
0%
You know what that means?Daniel DrummDoctor Strange
0%
Let's go, get moving.DovichThe Falcon and the Winter Soldier
0%
The twins (…) No, no, I mean...Dr. ListAvengers: Age of Ultron
0%
He's not here. Try the jet stream. Speaking of which, go fish.Eric SavinIron Man 3
0%
Where are the targets? Where are the targets?!Executive Officer RussoCaptain America: The Winter Soldier
0%
I'll never tell you.FriggaThor: The Dark World
0%
Then give us the pendant!Gao LeiShang-Chi and the Legend of the Ten Rings
0%
Rocket!Garthan SaalGuardians of the Galaxy
0%
Now, Power Broker... you will pay me four times what you said you would. Four times, or I'll tell the whole world who you are. Okay?Georges BatrocThe Falcon and the Winter Soldier
0%
Aim for the throat!Guang BoShang-Chi and the Legend of the Ten Rings
0%
I don't want to do this. He's making me.IngridBlack Widow
0%
Okay, Papa, start it for us.Iryna MaximoffWandaVision
0%
I'm just saying, maybe your wife would like to know where you really get your money from? (…) What?Jackson BriceSpider-Man: Homecoming
0%
Savin! Help... help me!Jack TaggertIron Man 3
0%
But, God, imagine how many lives we could have saved that day if we had that serum.Lemar HoskinsThe Falcon and the Winter Soldier
0%
I'm sorry. Sorry, Erik.LindaBlack Panther
0%
Thank you, Schmidt. (...) For making it clear how obviously mad you are.Major General SchneiderCaptain America: The First Avenger
0%
You will be punished for your insolence. You will be brought before the fūhrer himself!Major HutterCaptain America: The First Avenger
0%
Now, I gotta blow this engine before they find it.Mar-VellCaptain Marvel
0%
On it.Minn-ErvaCaptain Marvel
0%
He won't let me.Nebula (2014)Avengers: Endgame
0%
It wasn't me! It wasn't me!NicoThe Falcon and the Winter Soldier
0%
All over the planet our people suffer because they don't have the tools to fight back. With Vibranium weapons they can overthrow every country and Wakanda can rule them all the right way.N'JobuBlack Panther
0%
You're too late.NorexCaptain Marvel
0%
Can't you see? You are only half a man, living half a life.O'BenghWhat If...?
0%
But a silly mischief that always becomes fine.Oleg MaximoffWandaVision
0%
Sorry, Mr. Pierce, I... I forgot my phone.RenataCaptain America: The Winter Soldier
0%
Barely begun, brother.ShuriAvengers: Infinity War
0%
Hela!SkurgeThor: Ragnarok
0%
Let me take the Vibranium back where it belongs.T'ChallaWhat If...?
0%
Lower your tone! I may be your–The OtherGuardians of the Galaxy
0%
What'd she just do to me?Tony StarkWhat If...?
0%
What? Who are you? What is your objective? (...) What is this?!UltronWhat If...?
0%
Hail HYDRA.Vasily KarpovCaptain America: Civil War
0%
You could never. (…) No!Wanda MaximoffAvengers: Infinity War
0%
Poor woman has tuberculosis. Typical of overpopulation in displacement camps like that. (…) Not my pig. Not my farm. (…) No.Wilfred NagelThe Falcon and the Winter Soldier
0%
You'll have to be faster than that.Wolfgang von StruckerAvengers: Age of Ultron
0%
Excuse me.Yelena BelovaHawkeye
0%
Shang-Chi, you have nothing to fear.Ying LiShang-Chi and the Legend of the Ten Rings
0%

Score Distribution

Percentile by Number Answered

Percent of People with Each Score

Your Score History

You have not taken this quiz since the last reset